Review of Ghana Law/ (Record no. 5956)
[ view plain ]
| 000 -LEADER | |
|---|---|
| fixed length control field | 00447nam a22001577a 4500 |
| 003 - CONTROL NUMBER IDENTIFIER | |
| control field | OSt |
| 005 - DATE AND TIME OF LATEST TRANSACTION | |
| control field | 20250526143922.0 |
| 008 - FIXED-LENGTH DATA ELEMENTS--GENERAL INFORMATION | |
| fixed length control field | 250526b |||||||| |||| 00| 0 eng d |
| 040 ## - CATALOGING SOURCE | |
| Transcribing agency | Accra |
| 100 ## - MAIN ENTRY--PERSONAL NAME | |
| Dates associated with a name | Edited by: J. N. N. Oku |
| 245 ## - TITLE STATEMENT | |
| Title | Review of Ghana Law/ |
| 260 ## - PUBLICATION, DISTRIBUTION, ETC. | |
| Place of publication, distribution, etc. | Accra: |
| Name of publisher, distributor, etc. | Council for Law Reporting; |
| Date of publication, distribution, etc. | c2006 2010 |
| 300 ## - PHYSICAL DESCRIPTION | |
| Extent | viii, 310 pages |
| Dimensions | 24 cm |
| 500 ## - GENERAL NOTE | |
| General note | Includes Notes and Comments, Book Review Statutes |
| 942 ## - ADDED ENTRY ELEMENTS (KOHA) | |
| Source of classification or shelving scheme | Library of Congress Classification |
| Koha item type | Books |
| Suppress in OPAC | No |
| Withdrawn status | Lost status | Source of classification or shelving scheme | Damaged status | Not for loan | Collection | Home library | Current library | Shelving location | Date acquired | Total checkouts | Barcode | Date last seen | Copy number | Uniform resource identifier | Price effective from | Koha item type |
|---|---|---|---|---|---|---|---|---|---|---|---|---|---|---|---|---|
| Library of Congress Classification | Non-fiction | Law Library (Christ Temple) | Law Library (Christ Temple) | Reference | 05/26/2025 | LLCT00000683 | 05/26/2025 | 1 | VOL. XXIII 2011 - 2015 | 05/26/2025 | Books | |||||
| Library of Congress Classification | Non-fiction | Law Library (Christ Temple) | Law Library (Christ Temple) | Reference | 05/26/2025 | LLCT00000686 | 05/26/2025 | 1 | VOL. XXII 2006 - 2010 | 05/26/2025 | Books |